№ 12; Нефтяник

Xehetasun bibliografikoak
Parent link:Нефтяник: производственно-технический информационный журнал. № 12.— , 1956-1995.— 0028-243X
Hizkuntza:errusiera
Argitaratua: 1989
Formatua: MixedMaterials Liburua
KOHA link:https://koha.lib.tpu.ru/cgi-bin/koha/opac-detail.pl?biblionumber=515912

MARC

LEADER 00000nam2a2200000 4500
001 515912
005 20231101105344.0
035 |a (RuTPU)RU\TPU\prd\193031 
035 |a RU\TPU\prd\193019 
090 |a 515912 
100 |a 20130729b1989 km y0rusy50 ca 
101 0 |a rus 
102 |a RU 
200 0 |a № 12 
210 |d 1989 
461 1 |0 (RuTPU)RU\TPU\prd\475  |x 0028-243X  |t Нефтяник  |o производственно-технический информационный журнал  |v № 12  |d 1956-1995 
801 0 |a RU  |b 63413507  |c 20010227  |g PSBO 
801 1 |a RU  |b 63413507  |c 20130726 
801 2 |a RU  |b 63413507  |c 20130729  |g RCR 
942 |c BK 
999 |a НТБ_ТПУ  |b НФ  |e -4/20130109  |p П-6012  |u 0,00  |v 1